| 000 | 00451nam a2200133Ia 4500 | ||
|---|---|---|---|
| 008 | 170221s9999 xx 000 0 und d | ||
| 100 | _aJulie B. Wiest | ||
| 245 | _aMediatization in the Arab World: A Cross-Cultural Comparison of New Media Use | ||
| 245 | _cJulie B. Wiest, Nahed Eltantawy | ||
| 260 | _bOnline Journal of Communication and Media Technologies | ||
| 650 | _xCommunication | ||
| 650 | _xMedia Arts | ||
| 856 | _uhttp://www.ojcmt.net/ | ||
| 999 |
_c312761 _d312761 |
||